|
|
|
|
| LEADER |
01520nam a2200385 a 4500 |
| 001 |
EBC165268 |
| 003 |
MiAaPQ |
| 005 |
20200520144314.0 |
| 006 |
m o d | |
| 007 |
cr cn||||||||| |
| 008 |
980325s1998 enk sb 001 0 eng |
| 010 |
|
|
|z 98017003
|
| 020 |
|
|
|z 0415170036 (hardcover)
|
| 035 |
|
|
|a (MiAaPQ)EBC165268
|
| 035 |
|
|
|a (Au-PeEL)EBL165268
|
| 035 |
|
|
|a (CaPaEBR)ebr2003386
|
| 035 |
|
|
|a (CaONFJC)MIL277724
|
| 035 |
|
|
|a (OCoLC)900343452
|
| 040 |
|
|
|a MiAaPQ
|c MiAaPQ
|d MiAaPQ
|
| 050 |
|
4 |
|a HD7287.3
|b .K56 1998
|
| 082 |
0 |
4 |
|a 363.5
|2 21
|
| 100 |
1 |
|
|a King, Peter,
|d 1960-
|
| 245 |
1 |
0 |
|a Housing, individuals and the state
|h [electronic resource] :
|b the morality of government intervention /
|c Peter King.
|
| 260 |
|
|
|a London :
|a New York :
|b Routledge,
|c 1998.
|
| 300 |
|
|
|a xiv, 178 p.
|
| 490 |
1 |
|
|a RICS issues in real estate & housing series
|
| 500 |
|
|
|a "Royal Institution of Chartered Surveyors".
|
| 504 |
|
|
|a Includes bibliographical references (p. 166-174) and index.
|
| 533 |
|
|
|a Electronic reproduction. Ann Arbor, MI : ProQuest, 2015. Available via World Wide Web. Access may be limited to ProQuest affiliated libraries.
|
| 650 |
|
0 |
|a Housing policy
|x Moral and ethical aspects.
|
| 650 |
|
0 |
|a Housing subsidies
|x Moral and ethical aspects.
|
| 655 |
|
4 |
|a Electronic books.
|
| 710 |
2 |
|
|a ProQuest (Firm)
|
| 830 |
|
0 |
|a Routledge/RICS issues in real estate & housing series.
|
| 856 |
4 |
0 |
|u https://ebookcentral.proquest.com/lib/matrademy/detail.action?docID=165268
|z Click to View
|